| 000 | 00434nam a2200145 a 4500 | ||
|---|---|---|---|
| 001 | 1399 | ||
| 003 | CDMR | ||
| 005 | 20130116135210.0 | ||
| 008 | 130130s2002||||||||||||||||||||||||||||d | ||
| 040 |
_aCDMR _bcat _cCPC LLEIDA |
||
| 110 | 2 |
_aConsejo Superior de Investigaciones Científicas _91071 |
|
| 245 | 1 | 0 |
_aGuía de internet para periodistas _cConsejo Superior de Investigaciones Científicas |
| 260 |
_aMadrid _c2002 _bCSIC |
||
| 942 | _cMON | ||
| 999 |
_c1399 _d1399 |
||